000 00678nam a2200181Ia 4500
008 151018s9999 xx 000 0 und d
082 _bRBASDV40793
_a340
100 _aअरुणकुमार मुखेडकर
245 _aलेखी करार व दस्तऐवज
250 _b3
260 _bशिवांश पब्लिकेशन
_c2005
300 _a607
600 _aअरुणकुमार मुखेडकर
630 _aलेखी करार व दस्तऐवज
700 _aअरुणकुमार मुखेडकर
730 _aलेखी करार व दस्तऐवज
942 _cBOOK
999 _c1040067
_d1040064